Los Efectos urbano - demográficos de la apertura externa en Costa Rica: 1880-1930

Saved in:
Bibliographic Details
Main Author: Vega Carballo, José Luis
Format: Text
Published: San Pedro de M.de O.: UCR. IIS
Tags: Add Tag
No Tags, Be the first to tag this record!

MARC

LEADER 00000 a a2200000 04500
001 15014
003
040 |a CRAI/IIS  |c CRAI/IIS 
090 |a 193900  
100 |a Vega Carballo, José Luis  
245 |a Los Efectos urbano - demográficos de la apertura externa en Costa Rica: 1880-1930  
260 |a San Pedro de M.de O.:   |b UCR. IIS  
300 |a 40 p.  
999 |c 4927  |d 4927